| 000 | 00894nam a22002417a 4500 | ||
|---|---|---|---|
| 999 |
_c11943 _d11943 |
||
| 003 | AR-CdUCM | ||
| 008 | 190405b ||||| |||| 00| 0 spa d | ||
| 040 |
_aMUNICIPALIDAD PROVINCIAL DEL CUSCO _cBIBLIOTECA MUNICIPAL DEL CUSCO |
||
| 082 |
_23ed- _a516 / _bM88 /1888 |
||
| 100 |
_aMoyano, Nicanor _929562 |
||
| 245 | _aTratado de geometría elemental / | ||
| 260 |
_aSantiago de Chile : _bImprenta el independiente, _c1888. |
||
| 300 |
_a226 paginas ; _c17 cm. |
||
| 500 | _aObservaciones : Falta tapa | ||
| 505 | _aContenido : De la linea recta -- De los anglos -- Arcos y cuerdas -- De los polígonos -- Problemas sobre los ángulos... | ||
| 650 |
_aPolígonos _929563 |
||
| 650 |
_aPerpendiculares _929564 |
||
| 650 |
_aÁreas sombreadas _929565 |
||
| 650 |
_aMedidas de la superficie _929566 |
||
| 650 |
_aÁngulos diedros _929567 |
||
| 942 |
_2ddc _cLIBROS |
||
| 945 |
_awnts _d2019-04-05 |
||